01020nam a2200229 a 450000100100000000500170001000800410002702000150006804000250008308200150010810000410012324500990016426000340026349000440029750000600034150000740040150000770047570000570055283000510060995201130066099900170077300004224020201002040026.0131120s2004 sp 000 p spa d a8497933451 aDO-SdBNPbspacBNPHU axxxbD218c1 aDarío, Rubén,d1867-1916.91553510aCantos de vida y esperanza /cRubén Darío ; edición de Rocío Oviedo Pérez de Tudela. aBarcelona :bBolsillo,c2004.1 aClásicos (Debolsillo (Firm)aareav61 a"Coedición entre Area y Random House Mondadori, S.A." aIncluye referencias bibliográficas y notas al pie de las páginas. aIncluye datos biográficos del autor en la solapa de la contracubierta.12aOviedo Pérez de Tudela, Rocíod1953-eed.969259 0aClásicos (Debolsillo (Firm)parean61969260 001050718MOaGRbGRcCTd2013-11-20iLF1l0oxxx D218cp42240-10r2020-06-25w2020-06-25y1ZNo se presta c41729d41729